Music Quiz

Random Music or Song Quiz

Shared Song Titles: Girls' Names Quiz Stats

 Plays Quiz Updated Jul 30, 2018

Also try: Golden Girls Theme
Challenge
Share
Tweet
Embed
Score 0/20 Timer 04:00
2 Plays Today
% Correct
Juliet
97%
Jean
96%
Yoko
93.5%
Lucy
92.9%
Caroline
92.3%
Delilah
92.1%
Sally
89.7%
Susie
88.4%
Jane
87.9%
Mary
87.6%
% Correct
Maggie
85%
Mandy
74.5%
Angie
71.9%
Maria
69.6%
Michelle
67.8%
Sara
62.6%
Annie
61.6%
Judy
61%
Sheila
49.9%
Martha
45.8%

You're not logged in!

Compare scores with friends on all Sporcle quizzes.
Join for Free
OR
Log In

You Might Also Like...

Show Comments

Extras

Top Quizzes Today


Score Distribution

Your Account Isn't Verified!

In order to create a playlist on Sporcle, you need to verify the email address you used during registration. Go to your Sporcle Settings to finish the process.

Report this User

Report this user for behavior that violates our Community Guidelines.

Details: